| 000 | 00589cam a22001694a 4500 | ||
|---|---|---|---|
| 005 | 20250901165407.0 | ||
| 008 | 990728s1999 nyu bf 001 0 eng | ||
| 010 | _a 99040335 | ||
| 020 | _a0684833492 | ||
| 050 | 0 | 0 |
_aLB1048.5 .B46 1999 _b.B45 1999 |
| 082 | 0 | 0 |
_a371.19/2 _221 |
| 100 | 1 |
_aBennett, William J. _q(William John), _d1943- |
|
| 245 | 1 | 4 |
_aThe educated child : _ba parent's guide from preschool through eighth grade / _cWilliam J. Bennett, Chester E. Finn, Jr., John T.E. Cribb, Jr. |
| 260 |
_aNew York : _bFree Press, _cc1999. |
||
| 300 |
_axxi, 666 p. ; _c25 cm. |
||
| 942 | _2ddc | ||
| 999 |
_c3258 _d3258 |
||